Countries Body Count has Visited - Statistics

General Stats
  • This quiz has been taken 11 times
  • The average score is 27 of 30
Answer Stats
Continent Country % Correct
Oceania Australia
100%
Europe Belgium
100%
South America Brazil
100%
North America Canada
100%
Europe France
100%
Europe Portugal
100%
Europe Spain
100%
South America Argentina
88%
Europe Austria
88%
Europe Croatia
88%
Europe Czech Republic
88%
Europe Denmark
88%
Europe Finland
88%
Europe Germany
88%
Europe Greece
88%
Europe Hungary
88%
Asia Israel
88%
Europe Italy
88%
Europe Luxembourg
88%
Europe Netherlands
88%
Oceania New Zealand
88%
Europe Poland
88%
Europe Serbia
88%
Europe Slovenia
88%
Europe Sweden
88%
Europe Switzerland
88%
Europe United Kingdom
88%
North America United States of America
88%
Europe Ireland
75%
North America Mexico
75%
No matching quizzes found
Score Distribution
Percent of People with Each Score
Percentile by Number Answered
Your Score History
You have not taken this quiz